Inversiones financieras : (Registro nro. 8272)

Detalles MARC
000 -LEADER
fixed length control field 02468nam a2200265Ia 4500
003 - CONTROL NUMBER IDENTIFIER
control field OSt
005 - DATE AND TIME OF LATEST TRANSACTION
control field 20210809151521.0
008 - FIXED-LENGTH DATA ELEMENTS--GENERAL INFORMATION
fixed length control field 210310s2013 sp ad fr 000 0dspa d
020 ## - INTERNATIONAL STANDARD BOOK NUMBER
International Standard Book Number 9788436828245
040 ## - CATALOGING SOURCE
Original cataloging agency CO-JMCR
Transcribing agency CO-JMCR
041 0# - LANGUAGE CODE
Language code of text/sound track or separate title spa
082 04 - DEWEY DECIMAL CLASSIFICATION NUMBER
Classification number 332.6 /
Item number G215i
Edition number 23
100 1# - MAIN ENTRY--PERSONAL NAME
Personal name García Boza, Juan,
9 (RLIN) 16808
Relator term autor
245 10 - TITLE STATEMENT
Title Inversiones financieras :
Remainder of title selección de carteras: teoría y práctica /
Statement of responsibility, etc. Juan García Boza
260 ## - PUBLICATION, DISTRIBUTION, ETC.
Place of publication, distribution, etc. Madrid :
Name of publisher, distributor, etc. Pirámide,
Date of publication, distribution, etc. 2013
300 ## - PHYSICAL DESCRIPTION
Extent 458 páginas :
Other physical details ilustraciones y gráficas a blanco y negro ;
Dimensions 24 cm.+
Accompanying material Cd.
490 0# - SERIES STATEMENT
Series statement Economía y empresa
500 ## - GENERAL NOTE
General note Incluye notas a pie de página y datos biográficos del autor.
504 ## - BIBLIOGRAPHY, ETC. NOTE
Bibliography, etc. note Bibliografía: páginas 457-458
505 0# - FORMATTED CONTENTS NOTE
Formatted contents note Conceptos básicos -- Introducción a la selección de carteras -- Modelo de selección de carteras de Markowitz -- Ampliaciones del modelo me Markowitz -- Análisis del modelo de mercado y de los modelos de valoración de activos financieros -- La evaluación de la gestión de carteras
520 3# - SUMMARY, ETC.
Summary, etc. Esta obra es una introducción a la variada problemática de las en carteras variable Es un manual de gran ayuda para todos los interesados en la disciplina, tanto profesionales del ámbito de la gestión de carteras, como estudiantes de los grados y posgrados universitarios en los que se estudia. Contiene los fundamentos precisos para abordar con garantías de éxito la resolución práctica de la amplia problemática vinculada al análisis y selección de carteras. La exposición se realiza en un lenguaje sencillo y de fácil comprensión estando al alcance de todas las personas con conocimientos financieros básicos. Se trata de un libro de teoría y de práctica. En cada una de las lecciones se incluyen ejemplos de aplicación inmediata de los conceptos estudiados, constando de 196 supuestos prácticos resueltos. En la mayoría de los casos los cálculos se efectúan mediante Excel, por lo que en el CD que acompaña al texto figuran los archivos tanto con los datos correspondientes como con su resolución. El texto se ha estructurado en seis lecciones en las que se analizan los aspectos teórico-prácticos más relevantes y se señalan, de forma pormenorizada, las etapas en la resolución de cada supuesto practico, explicando cómo se efectúan los cálculos correspondientes.
650 14 - SUBJECT ADDED ENTRY--TOPICAL TERM
Topical term or geographic name entry element Gestión de la cartera
9 (RLIN) 16810
650 24 - SUBJECT ADDED ENTRY--TOPICAL TERM
Topical term or geographic name entry element Inversiones de capital
9 (RLIN) 5891
942 ## - ADDED ENTRY ELEMENTS (KOHA)
Source of classification or shelving scheme Dewey Decimal Classification
Koha item type Books
Existencias
Withdrawn status Lost status Source of classification or shelving scheme Damaged status Not for loan Collection code Home library Current library Date acquired Source of acquisition Full call number Barcode Date last seen Copy number Koha item type Shelving location Coded location qualifier Total Checkouts Price effective from
    Dewey Decimal Classification     Non-fiction Biblioteca Pública José María del Castillo y Rada Biblioteca Pública José María del Castillo y Rada 04/15/2018 Donación 332.6 / G215i 430013333 05/16/2024 Ej.1 Books        
    Dewey Decimal Classification     Non-fiction Biblioteca Pública José María del Castillo y Rada Biblioteca Pública José María del Castillo y Rada 04/15/2018 Donación 332.6 / G215i 201811125 08/09/2021 Ej.1 Books Audio Visual $0   08/09/2021